000 00342nam a2200133Ia 4500
005 20251222141928.0
008 251222s9999||||xx |||||||||||||| ||spa||
020 _a84-7490-169-3
082 _a306.098/M86/1987/Ej.2
100 _aMorandé, Pedro
245 0 _aCultura y Modernización, en América Latina
264 _bEncuentro
942 _cLIB
999 _c8946
_d8946